Guadalajara de leyenda / (Record no. 194061)

MARC details
000 -LEADER
campo de control de longitud fija 03166nam a2200409 i 4500
001 - NÚMERO DE CONTROL
campo de control 194061
003 - IDENTIFICADOR DE NÚMERO DE CONTROL
campo de control SpMaBN
005 - FECHA Y HORA DE LA ÚLTIMA TRANSACCIÓN
campo de control 20250708195819.0
008 - DATOS DE LONGITUD FIJA--INFORMACIÓN GENERAL
campo de control de longitud fija 240220s2021 sp a | |||| 000 0 spa
017 ## - NÚMERO DE COPYRIGHT O DE DEPÓSITO LEGAL
Número de copyright o de depósito legal CO 811-2021
Agencia que asigna Oficina Depósito Legal Córdoba
020 ## - NÚMERO INTERNACIONAL ESTÁNDAR DEL LIBRO
Número Internacional Estándar del Libro 9788418952357
040 ## - FUENTE DE CATALOGACIÓN
Centro catalogador/agencia de origen SpMaBN
Lengua de catalogación spa
Centro/agencia transcriptor SpMaBN
Normas de descripción rda
080 ## - NÚMERO DE LA CLASIFICACIÓN DECIMAL UNIVERSAL
Número de la Clasificación Decimal Universal 398.22(460.281)
100 ## - ENTRADA PRINCIPAL--NOMBRE DE PERSONA
Nombre de persona Talavera, José
9 (RLIN) 235684
245 10 - MENCIÓN DEL TÍTULO
Título Guadalajara de leyenda /
Mención de responsabilidad, etc. José Talavera.
246 0# - FORMA VARIANTE DEL TITULO
Texto de visualización Subtítulo de cubierta :
Título propio/Titulo breve Historias y leyendas de Guadalajara
250 ## - MENCION DE EDICION
Mención de edición Primera edición en Almuzara: noviembre de 2021
264 #1 - PRODUCCIÓN, PUBLICACIÓN, DISTRIBUCIÓN, FABRICACIÓN Y COPYRIGHT
Producción, publicación, distribución, fabricación y copyright [Córdoba] :
Nombre del de productor, editor, distribuidor, fabricante Almuzara,
Fecha de producción, publicación, distribución, fabricación o copyright [2021]
264 #4 - PRODUCCIÓN, PUBLICACIÓN, DISTRIBUCIÓN, FABRICACIÓN Y COPYRIGHT
Fecha de producción, publicación, distribución, fabricación o copyright ©2021
300 ## - DESCRIPCIÓN FÍSICA
Extensión 265 páginas :
Otras características físicas fotografías (blanco y negro) ;
Dimensiones 24 cm
336 ## - TIPO DE CONTENIDO
Término de tipo de contenido Texto
Fuente rdacontent
337 ## - TIPO DE MEDIO
Nombre/término del tipo de medio sin mediación
Fuente rdamedia
338 ## - TIPO DE SOPORTE
Nombre/término del tipo de soporte volumen
Fuente rdacarrier
490 1# - MENCIÓN DE SERIE
Mención de serie De leyenda
504 ## - NOTA DE BIBLIOGRAFÍA, ETC.
Nota de bibliografía, etc. Bibliografía: páginas 259-264
520 ## - RESUMEN, ETC.
Sumario, etc. ¿Ha oído hablar de la posible procedencia alcarreña de Cristóbal Colón y de los rigurosos estudios que se han realizado en torno a esta teoría? ¿Conoce la relación entre Felipe IV y la actriz María Calderón, llamada «La Calderona», que fue fuente de polémicas durante su reinado? ¿Ha visitado en la capital de la provincia enclaves tan emblemáticos como el panteón de la duquesa de Sevillano o el barrio del Alamín, donde han ocurrido algunos de los hechos más interesantes de la zona a lo largo de los siglos? ¿Ha recorrido el Palacio Ducal de Pastrana, donde la princesa de Éboli pasó sus últimos años tras sufrir todo tipo de vicisitudes en su vida? En este libro hallará un buen número de leyendas y misterios que le harán conocer y comprender una tierra sin parangón, tanto por su gran pasado como por su belleza paisajística. Desde princesas y reinas en ciernes, cautivas en palacios y castillos de alto calibre, hasta apariciones marianas y otros milagros celestiales que provocaron un gran revuelo en su época. Pasando por tradiciones orales que nos hablan de grandes montañas sagradas, donde sucedieron hechos inexplicables, o amores imposibles entre personas de diferente credo o clase social, que acabaron en tragedia. Una serie de relatos e investigaciones de alto calibre que ayudarán a que el lector pueda comprender mejor la idiosincrasia de una provincia con magnos personajes y momentos de gran relevancia, y que cuenta con algunas de las poblaciones y parajes más fascinantes de la geografía nacional española.
650 #7 - PUNTO DE ACCESO ADICIONAL DE MATERIA--TÉRMINO DE MATERIA
Término de materia o nombre geográfico como elemento de entrada Leyendas-
Subdivisión geográfica Guadalajara (Provincia)
9 (RLIN) 174180
655 #7 - TERMINO DE INDIZACIÓN--GENERO/FORMA
Datos o término principal de género/forma Leyendas
Fuente del término tgfbne
9 (RLIN) 235685
830 ## - PUNTO DE ACCESO ADICIONAL DE SERIE-TÍTULO UNIFORME
Título uniforme De Leyenda
9 (RLIN) 235906
852 ## - LOCALIZACIÓN
Ubicación ES-MaACL
Sublocalización o colección R.155079
Ubicación en estantería Depósito J
Número de control de estantería N-9857
Encuadernación Encuadernación rústica con solapas
Donativo/Legado Donación: José Lázaro García
itemnumber 201794
Anotaciones manuscritas Firmado por José Lázaro García
903 ## - NOMBRE PERSONAL DE DONANTE
9 234219
a Lázaro García, José
e Donante
942 ## - ELEMENTOS DE ENTRADA SECUNDARIOS (KOHA)
Tipo de ítem Koha Libro impreso
Suprimir en OPAC No
Holdings
Estatus retirado Estado de pérdida Fuente del sistema de clasificación o colocación Estado de daño No para préstamo Biblioteca de origen Biblioteca actual Ubicación en estantería Fecha de adquisición Fuente de adquisición Total de préstamos Signatura topográfica completa Código de barras Visto por última vez Precio de reemplazo Tipo de ítem Koha
    Clasificación decimal universal     Biblioteca del Ateneo de Madrid Biblioteca del Ateneo de Madrid Depósito J 19/04/2024 Donación   N-9857 101227056 19/04/2024 19/04/2024 Libro impreso